| 000 | 00755nam a2200205Ia 4500 | ||
|---|---|---|---|
| 001 | 12417 | ||
| 003 | GE_BSU | ||
| 008 | 181216s||||||||xx |||||||||||||| ||und|| | ||
| 040 | _cGE_BSU | ||
| 080 | _a581.6 | ||
| 245 | _aПолезные растения СССР.Т.1 | ||
| 245 | _cОтв.ред.М.М.Ильин.Гл.ред.изд.М.М.Ильин. Пигулевский Г.В. | ||
| 260 | _aМ-Л | ||
| 260 | _bИзд-во АНСССР | ||
| 260 | _c1951 | ||
| 300 | _a198стр.илл. | ||
| 300 | _eТаблицы,указатели латинских названии,русских названии растении, предметный указатель стр.190-195 | ||
| 653 | _aПолезные растения СССР | ||
| 942 | _cBK | ||
| 999 |
_c45591 _d45591 |
||